| 000 | 00393cam a2200133ua 4500 | ||
|---|---|---|---|
| 003 | OSt | ||
| 008 | 230320b |||||||| |||| 00| 0 eng d | ||
| 041 | _aeng | ||
| 082 |
_a627.52 _bCBI/FR |
||
| 245 | _aFrame work for planning irrigation system improvements for salinity control | ||
| 260 |
_aNew Delhi : _bCentral Board of Irrigation and Power (CBIP) , _c1992. |
||
| 300 | _a90 ; . | ||
| 942 | _cBK | ||
| 999 |
_c6292 _d6292 |
||